• 首页
  • 本馆介绍
  • 公告通知
  • 最新文献
  • 馆藏检索
  • 电子资源
  • 读者导购
  • 参考咨询
  • 我的图书馆
  • 登录
  • 详细信息显示
  • 放入我的书架
  • 预约/预借图书
  • 作者相关作品
  • 分类相关作品
  • 丛书相关作品
  • 出版社相关作品

书目信息

  • 表格格式
  • 工作单格式
  • 卡片格式
题名:
唯美主义
    
 
作者: 赵澧 , 徐京安 主编
分册:  
出版信息: 北京   中国人民大学出版社  1988.8
页数: 615页
开本: 20cm
丛书名: 外国文学流派研究资料丛书
单 册:
中图分类: I109.9 , I0
科图分类:
主题词: 唯美主义--研究资料 , 文学--作品--外国--选集 , 文学理论
电子资源:
ISBN: 7-300-00396-6
000 00967nam2 2200313 45
001 0189008378
005 20061102171356.42
010    @a7-300-00396-6@dCNY5.60
020    @aCN@b89008378
100    @a19901121d1988 m y0chiy0120 ea
101 0  @achi
102    @aCN@b110000
105    @ay z 000yy
200 10 @a唯美主义@Awei mei zhu yi@f赵 澧,徐京安主编@Fzhao li , xu jing an zhu bian
210    @a北京@c中国人民大学出版社@d1988.8
215    @a615页@d20cm
225 2  @a外国文学流派研究资料丛书
330    @a本书收选了唯美主义流派的代表论著和代表作品,以及国外最新版的百科全书的有关条目。
410  0 @120010@a外国文学流派研究资料丛书
540 1  @a唯美 主义@Awei mei zhu yi
606    @a唯美主义@x研究资料
606    @a文学@x作品@y外国@x选集
606 0  @a文学理论
690    @aI109.9@v1980
690    @aI0@v3
701  0 @a赵澧@Azhao li@4主编
701  0 @a徐京安@Axu jing an@4主编
801  0 @aCN@bTSSF@c20061102
905    @a10447@dI0@e187
    
    唯美主义/赵 澧,徐京安主编.-北京:中国人民大学出版社,1988.8
    615页;20cm.-(外国文学流派研究资料丛书)
    
    
    ISBN 7-300-00396-6:CNY5.60
    本书收选了唯美主义流派的代表论著和代表作品,以及国外最新版的百科全书的有关条目。
●
相关链接 在E读中查询图书 在五车中查询图书 在当当中查询图书 在豆瓣中查询图书


正题名:唯美主义     索取号:I0/187         预约/预借

序号 登录号 条形码 馆藏地/架位号 状态 备注
1 0262593   000903703   第一样本阅览室/ [索取号:I0/187] 在馆    
唐山师范学院图书馆 欢迎您!
大连网信软件有限公司© 版权所有